00561nam a2200205Ia 4500008004100000020001800041050001700059050001400076100001900090245003300109245005800142245004800200260001600248260001600264260000900280300001600289300001100305650002100316650001800337180523s9999 xx 000 0 und d a81-900019-4-9 aMAIN BF 632  b.B38 2004 aBatra, Promod. 0aManagement ideas in action : 0bself-knowledge is the beginning of self-improvement / 0cPromod Batra, Vijay Batra, Deepak Mahendru. aNew Delhi : bThink Inc., c2004 a492 pages : c22 cm. aSeld-management. xSelf-control.